| 000 | 01108nac a22003137a 4500 | ||
|---|---|---|---|
| 001 | BR9206046 | ||
| 003 | BR-BrBNA | ||
| 005 | 20240105121236.0 | ||
| 008 | 230509b bl.|||m| |||| 00| 0 por d | ||
| 040 |
_aBR-BrBNA _bpor _cBiblioteca Nacional de Agricultura |
||
| 072 | _aQ02 | ||
| 090 | _a2320 BR9206046 | ||
| 100 | 1 | _aMelo, C.F.M. de | |
| 100 | 1 | _aAlves, S. de M. | |
| 100 | 1 | _aHuhn, S. | |
| 100 | 1 | _aBarbosa, W.C. | |
| 110 | 1 | _aCentro de Pesquisa Agropecuaria do Tropico Umido, Belem, PA (Brasil) | |
| 245 | 1 | _aAlternativas para o aproveitamento industrial da pimenta-do-reino (Piper nigrum L.) | |
| 246 | 1 | _aAlternatives for the industrial use of black pepper (Piper nigrum L.) | |
| 260 | 3 |
_aBelem, PA (Brasil): _c1990. |
|
| 300 | _a30 p. | ||
| 490 |
_aBoletim de Pesquisa - Centro de Pesquisa Agropecuaria do Tropico Umido (Brazil) _vno. 103 _xISSN 0100-8102 |
||
| 500 | _a11 ref.; 7 tables; Summaries (En, Pt) | ||
| 650 | _aPIMENTA DO REINO | ||
| 650 | _aINDUSTRIA ALIMENTICIA | ||
| 650 | _aCONDIMENTO | ||
| 909 |
_a202312 _bLúcia Elande _c55 _dLúcia Elande |
||
| 942 |
_2AGRIS _n0 _cMS |
||
| 999 |
_c284157 _d284157 |
||